LIBRARY & INFORMATION CENTRE, KCAET, TAVANUR

ONLINE PUBLIC ACCESS CATALOGUE (OPAC)

Applied Hydrology / (Record no. 2164)

MARC details
000 -LEADER
fixed length control field 00622cam a2200241ua 4500
020 ## - INTERNATIONAL STANDARD BOOK NUMBER
ISBN 0-07-099428-5
041 ## - LANGUAGE CODE
Language code of text/sound track or separate title eng
082 ## - DEWEY DECIMAL CLASSIFICATION NUMBER
Classification number 551.48
Item number LIN/AP
100 ## - MAIN ENTRY--AUTHOR NAME
Personal name Linsley, Ray.K .
245 ## - TITLE STATEMENT
Title Applied Hydrology /
250 ## - EDITION STATEMENT
Edition statement 1 /
260 ## - PUBLICATION, DISTRIBUTION, ETC. (IMPRINT)
Place of publication Newyork :
Name of publisher McGraw-Hill Book Company ,
Year of publication 1949.
300 ## - PHYSICAL DESCRIPTION
Number of Pages 689 ; .
700 1# - ADDED ENTRY--PERSONAL NAME
Personal name Kobler, Max.A .
700 1# - ADDED ENTRY--PERSONAL NAME
Personal name Kohler, Max A .
700 1# - ADDED ENTRY--PERSONAL NAME
Personal name Paulhur, Joseph.L .
700 1# - ADDED ENTRY--PERSONAL NAME
Personal name Paulhus, Joseph L H .
942 ## - ADDED ENTRY ELEMENTS (KOHA)
Koha item type Books
Holdings
Withdrawn status Lost status Damaged status Home library Current library Date acquired Full call number Accession Number Koha item type Collection code Shelving location
      KAUAET KAUAET 07/04/2012 551.48 4883 Books    
      KAUAET KAUAET 07/04/2012 551.48 3689 Books    
      KAUAET KAUAET 14/09/2012 551.48 LIN/AP 15675 Books Non-fiction General Stacks
free website counter